[Event "2BLN 1819 FC St. Pauli - SK Zehlendorf"]
[Site "?"]
[Date "2019.03.23"]
[Round "9.6"]
[White "Voigt, Martin"]
[Black "Figura, Atila Gajo"]
[Result "1/2-1/2"]
[WhiteElo "2354"]
[BlackElo "2380"]
[PlyCount "84"]
[EventDate "2019.??.??"]

1. e4 c5 2. Nf3 e6 3. d4 cxd4 4. Nxd4 a6 5. Nc3 Qc7 6. g3 Bb4 7. Bd2 Nf6 8. Bg2
Nc6 9. Nxc6 dxc6 10. O-O Be7 11. a4 a5 12. Re1 e5 13. h3 Be6 14. Qf3 Qd7 15.
Rad1 Bxh3 16. Bg5 Bxg2 17. Kxg2 Qe6 18. Qf5 Nd7 19. Qxe6 fxe6 20. Be3 Bb4 21.
Rd3 O-O-O 22. Rh1 Nc5 23. Rxd8+ Kxd8 24. Na2 Nxe4 25. Nxb4 axb4 26. Rh4 Nf6 27.
Rxb4 Kc8 28. c4 Rd8 29. a5 Ng4 30. Bc5 e4 31. Kf1 Ne5 32. a6 bxa6 33. Rb6 a5
34. b3 Rd3 35. Be3 h5 36. Bf4 Nf3 37. Rxc6+ Kb7 38. Rc7+ Kb6 39. Rxg7 Rxb3 40.
Be3+ Kc6 41. Ra7 Rb1+ 42. Kg2 Rg1+ 1/2-1/2

[Event "2BLN 1819 FC St. Pauli - SK Zehlendorf"]
[Site "?"]
[Date "2019.03.23"]
[Round "9.7"]
[White "Kalabic, Faris"]
[Black "Mueller, Fabian"]
[Result "1/2-1/2"]
[WhiteElo "2205"]
[BlackElo "2341"]
[PlyCount "31"]
[EventDate "2019.??.??"]

1. d4 Nf6 2. Nf3 b6 3. Bf4 Ba6 4. g3 e6 5. Bg2 Be7 6. Ne5 d5 7. c4 c6 8. O-O
O-O 9. Qc2 Nfd7 10. cxd5 cxd5 11. Rc1 Nxe5 12. Bxe5 Qd7 13. e4 Bb7 14. Nc3 dxe4
15. Bxe4 Bxe4 16. Qxe4 {(=)} 1/2-1/2

[Event "2BLN 1819 FC St. Pauli - SK Zehlendorf"]
[Site "?"]
[Date "2019.03.23"]
[Round "9.8"]
[White "Stenner, Patrick"]
[Black "Floeel, Helmut"]
[Result "1-0"]
[WhiteElo "2242"]
[BlackElo "2116"]
[PlyCount "75"]
[EventDate "2019.??.??"]

1. e4 c5 2. Nc3 e6 3. g3 a6 4. Bg2 Nc6 5. d3 Qc7 6. Nh3 b5 7. O-O Bb7 8. f4 d6
9. f5 e5 10. Nd5 Qd8 11. c3 Nf6 12. a4 Nxd5 13. exd5 Nb8 14. Ng5 h5 15. d4 Be7
16. Ne4 cxd4 17. cxd4 Nd7 18. Be3 bxa4 19. Qxa4 Kf8 20. dxe5 Nxe5 21. Rad1 h4
22. Qb3 Bc8 23. Bd4 f6 24. gxh4 Rxh4 25. Qg3 Rh8 26. Rf2 Nf7 27. Nc3 Bd7 28.
Re1 Ne5 29. Be4 Rb8 30. Ne2 Rb4 31. Rd1 Rh5 32. h4 Qb8 33. Nf4 Rh8 34. Bxe5
Rxe4 35. Ng6+ Ke8 36. Nxe7 Rxe5 37. Qxg7 Rf8 38. Ng6 1-0

[Event "2BLN 1819 SF Berlin II - SK König Tegel"]
[Site "?"]
[Date "2019.03.23"]
[Round "9.1"]
[White "Stern, Rene"]
[Black "Lauber, Arnd"]
[Result "1-0"]
[WhiteElo "2540"]
[BlackElo "2426"]
[PlyCount "53"]
[EventDate "2019.??.??"]

1. Nf3 Nf6 2. c4 g6 3. Nc3 Bg7 4. e4 d6 5. d4 O-O 6. Be2 e5 7. d5 a5 8. h3 Na6
9. Bg5 Qe8 10. g4 Nc5 11. Nd2 Bd7 12. Be3 Qe7 13. Rg1 Ne8 14. Qc2 Kh8 15. O-O-O
f5 16. g5 Nxe4 17. Ndxe4 fxe4 18. h4 c6 19. h5 gxh5 20. Bxh5 Rc8 21. Bg4 b5 22.
dxc6 Bxg4 23. Rxg4 bxc4 24. Qxe4 Qe6 25. Rh4 Rf5 26. Nd5 Nc7 27. Ne7 1-0

[Event "2BLN 1819 SF Berlin II - SK König Tegel"]
[Site "?"]
[Date "2019.03.23"]
[Round "9.2"]
[White "Agopov, Mikael"]
[Black "Rabiega, Robert"]
[Result "0-1"]
[WhiteElo "2444"]
[BlackElo "2503"]
[PlyCount "80"]
[EventDate "2019.??.??"]

1. e4 e5 2. Nf3 Nf6 3. d4 Nxe4 4. Bd3 d5 5. dxe5 Nc6 6. O-O Bg4 7. Nc3 Nxc3 8.
bxc3 Bc5 9. h3 Bh5 10. g4 Bg6 11. Rb1 Rb8 12. Rb5 b6 13. Nd4 Bxd4 14. cxd4 Qh4
15. Bxg6 hxg6 16. Rb3 Nd8 17. f4 Ne6 18. Rd3 Nxd4 19. Bd2 Ne6 20. Kg2 c6 21. f5
gxf5 22. gxf5 Nc5 23. Rf4 Qh5 24. Qxh5 Rxh5 25. Rg3 Kf8 26. Bb4 Re8 27. e6 Re7
28. Bc3 fxe6 29. Bxg7+ Kf7 30. fxe6+ Kxe6 31. Bf8 Rd7 32. Bxc5 bxc5 33. Rg6+
Ke5 34. Rf2 Rc7 35. Kg3 c4 36. h4 d4 37. Kg4 Rch7 38. Rg5+ Rxg5+ 39. hxg5 d3
40. c3 Rd7 0-1

[Event "2BLN 1819 SF Berlin II - SK König Tegel"]
[Site "?"]
[Date "2019.03.23"]
[Round "9.3"]
[White "Moreno Tejera, Emilio"]
[Black "Polzin, Rainer"]
[Result "1/2-1/2"]
[WhiteElo "2433"]
[BlackElo "2412"]
[PlyCount "110"]
[EventDate "2019.??.??"]

1. e4 g6 2. d4 Bg7 3. Nf3 d6 4. Nc3 a6 5. Be3 b5 6. Bd3 Bb7 7. a4 b4 8. Ne2 Nd7
9. O-O Ngf6 10. Ng3 O-O 11. c3 a5 12. Re1 e5 13. dxe5 dxe5 14. cxb4 axb4 15.
Nd2 h5 16. f3 h4 17. Ne2 Nh5 18. Qb3 Nf4 19. Bb5 c6 20. Bc4 Qg5 21. g3 Nxe2+
22. Bxe2 Qe7 23. Red1 Kh7 24. Nc4 Ba6 25. Qc2 Rfd8 26. Nd6 Bxe2 27. Qxe2 Nf8
28. Nc4 Ne6 29. Nb6 Ra5 30. Rxd8 Qxd8 31. Nc4 Ra8 32. Rd1 Qb8 33. b3 c5 34. Rd5
Qc7 35. Qd2 Ra7 36. Nd6 Qc6 37. Nb5 Rb7 38. Qc2 Rd7 39. Qd3 Nd4 40. Rxd7 Qxd7
41. Nxd4 exd4 42. Bd2 hxg3 43. hxg3 Qh3 44. f4 c4 45. bxc4 Bf8 46. Kf2 Bc5 47.
Ke2 Qh5+ 48. Ke1 Qh1+ 49. Ke2 Qa1 50. Qc2 Qa3 51. e5 Qxg3 52. Qd3 Qg4+ 53. Ke1
Qg1+ 54. Ke2 Qg4+ 55. Ke1 Qg1+ 1/2-1/2

[Event "2BLN 1819 SF Berlin II - SK König Tegel"]
[Site "?"]
[Date "2019.03.23"]
[Round "9.4"]
[White "Florstedt, Johannes"]
[Black "Muse, Mladen"]
[Result "0-1"]
[WhiteElo "2337"]
[BlackElo "2388"]
[PlyCount "116"]
[EventDate "2019.??.??"]

1. e4 g6 2. d4 Bg7 3. Nc3 c6 4. h3 d5 5. Nf3 dxe4 6. Nxe4 Nf6 7. Nxf6+ exf6 8.
Bc4 O-O 9. O-O a5 10. a4 Na6 11. Re1 Nc7 12. c3 Nd5 13. Bd2 Be6 14. Qb3 Qd7 15.
Rad1 Rfb8 16. Qc2 b5 17. axb5 cxb5 18. Bf1 a4 19. Ra1 Rc8 20. Qd3 Rab8 21. Bc1
Bf5 22. Qd1 Bf8 23. Nd2 Re8 24. Rxe8 Rxe8 25. g4 Be6 26. c4 bxc4 27. Qxa4 Bxg4
28. Qxd7 Bxd7 29. Nxc4 Re1 30. b3 Bxh3 31. Bb2 Rxa1 32. Bxa1 Be6 33. Bb2 h5 34.
Ba3 Bxa3 35. Nxa3 Nb4 36. Bc4 Kf8 37. Nb5 Ke7 38. Nc3 Kd6 39. Ne4+ Ke7 40. Nc3
g5 41. d5 Bf5 42. Nb5 Bd3 43. Nd4 Kd6 44. Nb5+ Kc5 45. Nc7 Be4 46. Ne8 Nxd5 47.
Bxd5 Bxd5 48. Nxf6 h4 49. Kh2 Kd4 50. b4 Ke5 51. Nd7+ Kd6 52. Nf6 Ke6 53. Ng4
Bf3 54. Ne3 f5 55. b5 f4 56. Nc4 Bd5 57. b6 g4 58. Na5 Kd6 0-1

[Event "2BLN 1819 SF Berlin II - SK König Tegel"]
[Site "?"]
[Date "2019.03.23"]
[Round "9.5"]
[White "Fruebing, Stefan"]
[Black "Chatzidakis, Mihail"]
[Result "1/2-1/2"]
[WhiteElo "2414"]
[BlackElo "2345"]
[PlyCount "30"]
[EventDate "2019.??.??"]

1. e4 c5 2. Nf3 d6 3. Bb5+ Nd7 4. O-O a6 5. Bd3 e6 6. Re1 g5 7. Kh1 Qf6 8. Rf1
Ne7 9. c3 Ng6 10. Bc2 Nde5 11. d4 Nxf3 12. Qxf3 Qxf3 13. gxf3 Be7 14. Be3 Bd7
15. Nd2 Rc8 1/2-1/2

[Event "2BLN 1819 SF Berlin II - SK König Tegel"]
[Site "?"]
[Date "2019.03.23"]
[Round "9.6"]
[White "Rudolf, Henrik"]
[Black "Berger, Steve"]
[Result "1/2-1/2"]
[WhiteElo "2300"]
[BlackElo "2413"]
[PlyCount "120"]
[EventDate "2019.??.??"]

1. e4 e6 2. d4 d5 3. Nc3 Nf6 4. Bg5 dxe4 5. Nxe4 Nbd7 6. Nf3 Be7 7. Nxf6+ Bxf6
8. h4 O-O 9. Qd2 e5 10. O-O-O e4 11. Bxf6 Nxf6 12. Ng5 Qd5 13. c4 Qd6 14. f3
exf3 15. gxf3 Bf5 16. c5 Qd5 17. b3 Qd7 18. Rg1 b5 19. Bd3 Rad8 20. Qf4 Bg6 21.
Be4 Nh5 22. Qd2 c6 23. Kb2 Rfe8 24. Bxg6 fxg6 25. Ne4 Rf8 26. Nd6 Rxf3 27. d5
Nf4 28. dxc6 Qxc6 29. b4 a5 30. Ka1 Ra8 31. Rgf1 axb4 32. Qxb4 Rxf1 33. Rxf1
Qd5 34. Qb2 Ne6 35. Nxb5 Nxc5 36. Rb1 Rb8 37. Nc3 Rxb2 38. Nxd5 Rd2 39. Rb8+
Kf7 40. Nc3 Rc2 41. Nb5 Nd3 42. a3 Kf6 43. Rd8 Nc5 44. Kb1 Rc4 45. Rc8 Ke5 46.
Rc7 Kd5 47. h5 gxh5 48. Rxg7 Rh4 49. Kc2 Rc4+ 50. Kd2 Ne4+ 51. Ke3 Nf6 52. a4
Rg4 53. Rxg4 hxg4 54. Kf4 Kc5 55. Nc3 h5 56. Kg5 Kd4 57. Ne2+ Ke3 58. Ng3 Ne4+
59. Kxh5 Nxg3+ 60. Kxg4 Kd4 1/2-1/2

[Event "2BLN 1819 SF Berlin II - SK König Tegel"]
[Site "?"]
[Date "2019.03.23"]
[Round "9.7"]
[White "Muse, Drazen"]
[Black "Nogly, Christoph"]
[Result "1/2-1/2"]
[WhiteElo "2368"]
[BlackElo "2233"]
[PlyCount "120"]
[EventDate "2019.??.??"]

1. Nf3 d5 2. b3 c6 3. e3 Bg4 4. Bb2 Nd7 5. h3 Bh5 6. d3 e6 7. Nbd2 Ngf6 8. Be2
a5 9. a3 Bxf3 10. Bxf3 Bd6 11. g4 O-O 12. Bg2 b5 13. Qe2 Qe7 14. O-O e5 15. a4
bxa4 16. Rxa4 Nb6 17. Ra2 a4 18. Rfa1 axb3 19. Rxa8 Rxa8 20. Rxa8+ Nxa8 21.
Nxb3 Nb6 22. Qe1 h5 23. Qa5 Qc7 24. gxh5 Nxh5 25. Nd2 Nf6 26. Qa6 Nbd7 27. Nb3
Kh7 28. Bc3 Nc5 29. Nxc5 Bxc5 30. Qa5 Qxa5 31. Bxa5 Bd6 32. Kf1 Kg6 33. Ke2 Kf5
34. Bd8 Ke6 35. h4 Be7 36. Bc7 Ne8 37. Bb8 Bxh4 38. e4 dxe4 39. dxe4 g6 40.
Bh3+ f5 41. f3 Be7 42. Kd3 Bd6 43. Ba7 Kf6 44. Be3 Nc7 45. Kc4 Ne6 46. c3 f4
47. Bf2 g5 48. Bg4 Ke7 49. Kd3 Nf8 50. Bc8 Nh7 51. Bb6 Nf6 52. Bf5 Nd7 53. Ba7
Kd8 54. Bf2 Kc7 55. Kc4 Nf6 56. Be6 Ba3 57. Bf5 Ne8 58. Bg4 Be7 59. Kd3 Nd6 60.
Bc5 Kd8 1/2-1/2

[Event "2BLN 1819 SF Berlin II - SK König Tegel"]
[Site "?"]
[Date "2019.03.23"]
[Round "9.8"]
[White "Lundin, Jan"]
[Black "Von Herman, Ulf"]
[Result "0-1"]
[WhiteElo "2318"]
[BlackElo "2340"]
[PlyCount "112"]
[EventDate "2019.??.??"]

1. e4 c5 2. Nf3 Nc6 3. d4 cxd4 4. Nxd4 e5 5. Nxc6 bxc6 6. Bd3 Bc5 7. O-O Nf6 8.
Bg5 h6 9. Bh4 O-O 10. Nd2 Be7 11. Re1 d6 12. c3 Be6 13. Nc4 Qc7 14. Qa4 Rfe8
15. Rad1 a5 16. Bf1 Red8 17. f3 Ng4 18. Bg3 Nf6 19. Rd2 Nd7 20. Kh1 f6 21. Qc2
a4 22. b4 axb3 23. axb3 Nb6 24. Ne3 Ra3 25. Rb1 Rda8 26. Bf2 Bf8 27. c4 Ra1 28.
b4 Qf7 29. Nd5 cxd5 30. exd5 Rxb1 31. Qxb1 Nxd5 32. cxd5 Bxd5 33. b5 Bb7 34.
Kg1 d5 35. Ra2 Rc8 36. Ra7 Bd6 37. Qf5 Bb8 38. Ra1 g6 39. Qg4 Kg7 40. h4 d4 41.
f4 h5 42. Qh3 Rc3 43. Qh2 Qd5 44. Rd1 Bc8 45. fxe5 Bxe5 46. g3 Bg4 47. Ra1 d3
48. Ra7+ Rc7 49. Rxc7+ Bxc7 50. Be3 Bb6 51. Qd2 Bxe3+ 52. Qxe3 d2 53. Qa7+ Qf7
54. b6 d1=Q 55. b7 Bh3 56. Qf2 Qxb7 0-1

[Event "2BLN 1819 SV Glückauf Rüdersdorf - SV L"]
[Site "?"]
[Date "2019.03.23"]
[Round "9.1"]
[White "Perunovic, Milos"]
[Black "Kanarek, Marcel"]
[Result "1/2-1/2"]
[WhiteElo "2600"]
[BlackElo "2498"]
[PlyCount "84"]
[EventDate "2019.??.??"]

1. e4 c5 2. Nf3 Nc6 3. d4 cxd4 4. Nxd4 e5 5. Nb5 d6 6. N1c3 a6 7. Na3 Be7 8.
Nc4 b5 9. Ne3 Nf6 10. Bd3 O-O 11. a3 Rb8 12. O-O Be6 13. Ncd5 Nd7 14. c3 Bg5
15. b4 Nb6 16. Nxb6 Qxb6 17. a4 Rfc8 18. axb5 axb5 19. Nd5 Qd8 20. Bxg5 Qxg5
21. Ra6 Ne7 22. Rxd6 Bxd5 23. exd5 Rxc3 24. g3 e4 25. Be2 Qe5 26. Rd7 Nf5 27.
Qd2 Nd4 28. Rd1 Rd3 29. Qa2 Rxd1+ 30. Bxd1 Nf3+ 31. Bxf3 exf3 32. Qb1 Ra8 33.
Qd1 Qe2 34. Qc1 h5 35. h4 Ra2 36. Rd8+ Kh7 37. Rh8+ Kxh8 38. Qc8+ Kh7 39. Qf5+
Kg8 40. Qc8+ Kh7 41. Qf5+ Kh8 42. Qc8+ Kh7 1/2-1/2

[Event "2BLN 1819 SV Glückauf Rüdersdorf - SV L"]
[Site "?"]
[Date "2019.03.23"]
[Round "9.2"]
[White "Leniart, Arkadiusz"]
[Black "Gajek, Radoslaw"]
[Result "1-0"]
[WhiteElo "2488"]
[BlackElo "2446"]
[PlyCount "59"]
[EventDate "2019.??.??"]

1. d4 Nf6 2. c4 e6 3. Nc3 Bb4 4. g3 c5 5. Nf3 cxd4 6. Nxd4 Ne4 7. Qd3 Nxc3 8.
bxc3 Be7 9. Bg2 O-O 10. O-O d6 11. Rd1 a6 12. Be4 g6 13. Bh6 Re8 14. h4 Nd7 15.
Nxe6 fxe6 16. Bxg6 Ne5 17. Bxh7+ Kh8 18. Qe4 Bf6 19. Bf4 Qc7 20. Bg6 Rf8 21.
Bxe5 Bxe5 22. Qg4 Bxc3 23. Rac1 Bb4 24. c5 Bxc5 25. Qh5+ Kg8 26. Rd4 e5 27.
Rxd6 Bxf2+ 28. Kg2 Qg7 29. Bh7+ Qxh7 30. Rg6+ 1-0

[Event "2BLN 1819 SV Glückauf Rüdersdorf - SV L"]
[Site "?"]
[Date "2019.03.23"]
[Round "9.3"]
[White "Ivanisevic, Ivan"]
[Black "Steczek, Marcin"]
[Result "1-0"]
[WhiteElo "2616"]
[BlackElo "2387"]
[PlyCount "47"]
[EventDate "2019.??.??"]

1. d4 Nf6 2. c4 e6 3. g3 Bb4+ 4. Bd2 a5 5. Bg2 d5 6. Nf3 O-O 7. O-O Nc6 8. a3
Be7 9. e3 Re8 10. Nc3 Bf8 11. Qb3 Ra6 12. Rfd1 Ne7 13. Ne5 c6 14. Be1 Qc7 15.
Rac1 Qb8 16. Na4 Ng6 17. cxd5 Nxe5 18. dxc6 Ng6 19. cxb7 Bd7 20. Nb6 Ne7 21.
Nxd7 Nxd7 22. Qb5 Rd6 23. Bxa5 Nd5 24. e4 1-0

[Event "2BLN 1819 SV Glückauf Rüdersdorf - SV L"]
[Site "?"]
[Date "2019.03.23"]
[Round "9.4"]
[White "Janaszak, Dawid"]
[Black "Epishin, Vladimir"]
[Result "0-1"]
[WhiteElo "2348"]
[BlackElo "2568"]
[PlyCount "82"]
[EventDate "2019.??.??"]

1. Nf3 d5 2. e3 Nf6 3. c4 g6 4. b3 Bg7 5. Bb2 e6 6. Nc3 O-O 7. Be2 b6 8. O-O
Bb7 9. cxd5 exd5 10. Rc1 a6 11. Qc2 Nbd7 12. Rfd1 Qe7 13. Bf1 Rac8 14. Ne2 c5
15. Ng3 Rfd8 16. Qb1 b5 17. Qa1 Ne8 18. a4 b4 19. d4 h5 20. h4 cxd4 21. exd4
Bh6 22. Re1 Qd6 23. Rxc8 Rxc8 24. Bc1 Bg7 25. Qb1 Nc7 26. Bb2 Ne6 27. Qd3 Nf6
28. Ne5 Ne4 29. Qf3 Qe7 30. Nxe4 dxe4 31. Qg3 Rc2 32. Ba1 Bd5 33. Bxa6 Bf6 34.
Nxg6 fxg6 35. Qxg6+ Ng7 36. Bc4 Bxc4 37. bxc4 b3 38. Rxe4 Qf7 39. Qg3 Qxc4 40.
Qb8+ Kh7 41. Kh2 Rxf2 0-1

[Event "2BLN 1819 SV Glückauf Rüdersdorf - SV L"]
[Site "?"]
[Date "2019.03.23"]
[Round "9.5"]
[White "Milanovic, Danilo"]
[Black "Sroczynski, Maciej"]
[Result "1-0"]
[WhiteElo "2493"]
[BlackElo "2306"]
[PlyCount "93"]
[EventDate "2019.??.??"]

1. d4 d5 2. Bf4 Nf6 3. e3 c5 4. c3 Nc6 5. Nd2 e6 6. Ngf3 Bd6 7. Bg3 Bxg3 8.
hxg3 Qd6 9. Bb5 a6 10. Bxc6+ bxc6 11. Qa4 cxd4 12. cxd4 O-O 13. Rc1 Bd7 14. Ne5
Rfc8 15. O-O Be8 16. Rc5 Rcb8 17. Qc2 a5 18. Rc1 Ra6 19. b3 Rbb6 20. a4 Qc7 21.
Qc3 Rb8 22. Nxc6 Bxc6 23. Rxc6 Rxc6 24. Qxc6 Qxc6 25. Rxc6 Ne4 26. Nxe4 dxe4
27. Rc5 Kf8 28. Rc3 e5 29. dxe5 Rd8 30. f3 Rd2 31. f4 Rd1+ 32. Kf2 Rd2+ 33. Kf1
Rb2 34. g4 g6 35. Rc4 Rb1+ 36. Kf2 Rb2+ 37. Kg3 Rxb3 38. Rxe4 Rb4 39. Kf3 Rb3
40. Rc4 Ra3 41. f5 Ke7 42. Rc7+ Ke8 43. Rc8+ Ke7 44. f6+ Kd7 45. Rf8 Ke6 46.
Re8+ Kd5 47. e6 1-0

[Event "2BLN 1819 SV Glückauf Rüdersdorf - SV L"]
[Site "?"]
[Date "2019.03.23"]
[Round "9.6"]
[White "Dudzinski, Piotr"]
[Black "Levin, Felix"]
[Result "1-0"]
[WhiteElo "2339"]
[BlackElo "2486"]
[PlyCount "38"]
[EventDate "2019.??.??"]

1. e4 e5 2. Nf3 Nc6 3. Bc4 Bc5 4. c3 Nf6 5. d3 a6 6. O-O Ba7 7. Bb3 d6 8. Nbd2
O-O 9. h3 Ne7 10. Re1 Ng6 11. Nf1 b5 12. Ng3 c5 13. a4 Bb7 14. axb5 axb5 15.
Be3 Bb6 16. Rxa8 Bxa8 17. Qc1 Qd7 18. Bg5 Bd8 19. Qa1 d5 1-0

[Event "2BLN 1819 SV Glückauf Rüdersdorf - SV L"]
[Site "?"]
[Date "2019.03.23"]
[Round "9.7"]
[White "Greenfeld, Alon"]
[Black "Szadkowski, Kamil"]
[Result "1-0"]
[WhiteElo "2516"]
[BlackElo "2237"]
[PlyCount "103"]
[EventDate "2019.??.??"]

1. Nf3 Nf6 2. c4 g6 3. d4 Bg7 4. g3 O-O 5. Bg2 d6 6. Nc3 Nc6 7. O-O a6 8. b3
Rb8 9. d5 Na7 10. a4 c5 11. Bg5 Qc7 12. e4 Bg4 13. h3 Bxf3 14. Bxf3 b5 15. axb5
axb5 16. e5 Ne8 17. Re1 dxe5 18. d6 exd6 19. Nd5 Qd7 20. Be7 Nc6 21. Bxf8 Kxf8
22. Bg2 Nd4 23. Nc3 f5 24. Nxb5 Nxb5 25. cxb5 e4 26. Bf1 d5 27. Ra6 Nc7 28. Ra7
Bd4 29. Qd2 Qd6 30. Kg2 f4 31. Qxf4+ Qxf4 32. gxf4 Nxb5 33. Bxb5 Rxb5 34. Rd7
Rxb3 35. Re2 Ra3 36. Rxd5 e3 37. fxe3 Bxe3 38. f5 Kf7 39. Rb2 Ra7 40. Rb6 gxf5
41. Rxf5+ Kg7 42. Kf3 Bd4 43. Kg4 Re7 44. h4 Re4+ 45. Kh5 Re7 46. Rc6 Be3 47.
Ra6 Kg8 48. Ra8+ Kg7 49. Ra2 Rf7 50. Re5 Bf2 51. Rg5+ Kf8 52. Ra8+ 1-0

[Event "2BLN 1819 SV Glückauf Rüdersdorf - SV L"]
[Site "?"]
[Date "2019.03.23"]
[Round "9.8"]
[White "Wlodarczyk, Oskar"]
[Black "Gutman, Lev"]
[Result "1/2-1/2"]
[WhiteElo "2246"]
[BlackElo "2403"]
[PlyCount "107"]
[EventDate "2019.??.??"]

1. c4 Nf6 2. d4 g6 3. Nc3 Bg7 4. g3 O-O 5. Bg2 Nc6 6. Nf3 a6 7. O-O Rb8 8. d5
Na5 9. e4 d6 10. Qe2 c5 11. Bd2 b5 12. cxb5 axb5 13. Nxb5 Ba6 14. a4 Nb3 15.
Ra3 Nxd2 16. Nxd2 Qa5 17. Nc4 Bxb5 18. axb5 Qxb5 19. Bh3 Nd7 20. Bxd7 Qxd7 21.
Kg2 Rb4 22. Rc1 Rfb8 23. Rc2 Bd4 24. Na5 Rxb2 25. Ra2 Rxa2 26. Rxa2 Qb5 27. Nc6
Qxe2 28. Rxe2 Rb7 29. Nxd4 cxd4 30. Rd2 Rb4 31. f4 e5 32. dxe6 fxe6 33. e5 dxe5
34. fxe5 Rb5 35. Rxd4 Rxe5 36. Rd7 Re2+ 37. Kf3 Rxh2 38. Re7 Rc2 39. Rxe6 Kf7
40. Rb6 h5 41. Rb7+ Kf6 42. Rb6+ Kg5 43. Rb5+ Kh6 44. Rb4 Rc5 45. Rb6 Kg5 46.
Kg2 Kf5 47. Rb2 g5 48. Rf2+ Ke4 49. Rf8 Rc2+ 50. Kg1 g4 51. Rf7 Ke5 52. Rf8 Ke4
53. Rf7 Ke5 54. Rf8 1/2-1/2

[Event "2BLN 1819 SC Rotation Pankow - FC St. P"]
[Site "?"]
[Date "2019.03.24"]
[Round "10.1"]
[White "Socko, Bartosz"]
[Black "Guth, Thomas"]
[Result "*"]
[WhiteElo "2620"]
[BlackElo "2275"]
[PlyCount "93"]
[EventDate "2019.??.??"]

1. Nf3 e6 2. c4 c5 3. g3 b6 4. Bg2 Bb7 5. O-O d6 6. Nc3 Nf6 7. d4 cxd4 8. Qxd4
Be7 9. Rd1 a6 10. b3 Nbd7 11. Bb2 Qc7 12. Rac1 Rc8 13. h3 O-O 14. g4 Rfd8 15.
g5 Ne8 16. h4 Qb8 17. Qg4 Nf8 18. h5 f5 19. gxf6 Nxf6 20. Qd4 Nxh5 21. Qxb6 Nf4
22. Qe3 N8g6 23. Ne1 d5 24. cxd5 Bc5 25. Qg3 Bd6 26. Qe3 exd5 27. Nxd5 Rxc1 28.
Bxc1 Re8 29. Qb6 Nxe2+ 30. Kf1 Nc3 31. Nf6+ gxf6 32. Rxd6 Bxg2+ 33. Nxg2 Qxb6
34. Rxb6 Rd8 35. Ne3 f5 36. Bb2 Nd5 37. Rxa6 f4 38. Ng4 Kf7 39. Kg2 Ne3+ 40.
fxe3 Rd2+ 41. Kf3 Rxb2 42. exf4 Ne7 43. f5 Nd5 44. Ra7+ Kf8 45. f6 Rb1 46. Ke4
h5 47. Ra8+ *

[Event "2BLN 1819 SC Rotation Pankow - FC St. P"]
[Site "?"]
[Date "2019.03.24"]
[Round "10.2"]
[White "Dauth, Benjamin"]
[Black "Cuenca Jimenez, Jose Fernando"]
[Result "0-1"]
[WhiteElo "2297"]
[BlackElo "2544"]
[PlyCount "72"]
[EventDate "2019.??.??"]

1. e4 c5 2. c3 Nf6 3. e5 Nd5 4. d4 cxd4 5. cxd4 d6 6. f4 Nc6 7. Nc3 dxe5 8.
dxe5 e6 9. Nf3 Qb6 10. Bc4 Nxc3 11. bxc3 h6 12. Qd3 Bc5 13. Rb1 Qc7 14. Be3
Bxe3 15. Qxe3 Ne7 16. Qe4 O-O 17. O-O Rb8 18. Bd3 g6 19. c4 b6 20. Qe3 Bb7 21.
Rb5 Nf5 22. Bxf5 gxf5 23. c5 Ba6 24. cxb6 Qd7 25. Rb3 Bxf1 26. Kxf1 Rxb6 27.
Rxb6 axb6 28. Qxb6 Qa4 29. Qe3 Qxa2 30. h3 Rc8 31. Kg1 Qb1+ 32. Kh2 Qe4 33. Qd2
Kg7 34. Nd4 Kh7 35. Ne2 Rc2 36. Qd7 Kg7 0-1

[Event "2BLN 1819 SC Rotation Pankow - FC St. P"]
[Site "?"]
[Date "2019.03.24"]
[Round "10.3"]
[White "Feuerstack, Aljoscha"]
[Black "Rietze, Clemens"]
[Result "1/2-1/2"]
[WhiteElo "2444"]
[BlackElo "2272"]
[PlyCount "70"]
[EventDate "2019.??.??"]

1. e4 e5 2. Nf3 Nc6 3. Bb5 Nf6 4. d3 Bc5 5. Bxc6 dxc6 6. Nbd2 O-O 7. Nc4 Nd7 8.
Qe2 Re8 9. Bd2 f6 10. g4 Nf8 11. Rg1 Ng6 12. h4 b5 13. Ne3 Nf4 14. Qf1 Bf8 15.
O-O-O Be6 16. g5 Kh8 17. gxf6 Qxf6 18. Ng5 Bc5 19. Kb1 Rf8 20. Nxe6 Nxe6 21.
Ng4 Qxh4 22. Qg2 Bxf2 23. Be1 Bxe1 24. Rdxe1 Nf4 25. Qd2 Rae8 26. a3 Nh3 27.
Rg2 Nf4 28. Rgg1 Nh3 29. Rg2 Ng5 30. Rc1 Nf3 31. Qa5 Qh3 32. Ne3 Nh4 33. Re2
Nf3 34. Qxc7 Nd4 35. Rg1 Rg8 {(=)} 1/2-1/2

[Event "2BLN 1819 SC Rotation Pankow - FC St. P"]
[Site "?"]
[Date "2019.03.24"]
[Round "10.4"]
[White "Mueller, Michael"]
[Black "Socko, Monika"]
[Result "0-1"]
[WhiteElo "2248"]
[BlackElo "2442"]
[PlyCount "90"]
[EventDate "2019.??.??"]

1. d4 Nf6 2. c4 g6 3. Nc3 Bg7 4. e4 d6 5. f3 O-O 6. Bg5 a6 7. Qd2 c6 8. a4 Qa5
9. Ra3 Nbd7 10. Nh3 e5 11. d5 cxd5 12. Nxd5 Qxd2+ 13. Kxd2 Nxd5 14. cxd5 Bf6
15. Be3 Bd8 16. a5 b6 17. axb6 Bxb6 18. Be2 Rb8 19. Rb1 f5 20. Bxa6 Bxe3+ 21.
Kxe3 Bxa6 22. Rxa6 Rb3+ 23. Ke2 fxe4 24. Ng5 exf3+ 25. gxf3 Nb6 26. Ne4 Nxd5
27. Rxd6 Rfxf3 28. Rxd5 Rbe3+ 29. Kd2 Rxe4 30. b4 Rh3 31. b5 Rxh2+ 32. Kd3 Ra4
33. Rxe5 Rh3+ 34. Kd2 Ra2+ 35. Kd1 Rh1+ 36. Re1 Rhh2 37. Re3 Kf7 38. b6 Rad2+
39. Kc1 Rdf2 40. Rd3 Rc2+ 41. Kd1 h5 42. Rc1 Ra2 43. Re3 Rad2+ 44. Ke1 Rb2 45.
Rf3+ Kg7 0-1

[Event "2BLN 1819 SC Rotation Pankow - FC St. P"]
[Site "?"]
[Date "2019.03.24"]
[Round "10.5"]
[White "Jahncke, Giso"]
[Black "Neumeier, Lars"]
[Result "1/2-1/2"]
[WhiteElo "2352"]
[BlackElo "2308"]
[PlyCount "35"]
[EventDate "2019.??.??"]

1. c4 Nf6 2. Nc3 c5 3. Nf3 Nc6 4. g3 g6 5. Bg2 d6 6. d4 cxd4 7. Nxd4 Bd7 8. Nc2
Bg7 9. O-O O-O 10. Qd2 Qc8 11. Rd1 Bh3 12. Bh1 Ng4 13. Nd5 e5 14. b4 Re8 15. f3
Nf6 16. e4 Nxd5 17. cxd5 Ne7 18. Bg2 {(=)} 1/2-1/2

[Event "2BLN 1819 SC Rotation Pankow - FC St. P"]
[Site "?"]
[Date "2019.03.24"]
[Round "10.6"]
[White "Bruchmann, Stephan"]
[Black "Krause, Jonah"]
[Result "1/2-1/2"]
[WhiteElo "2257"]
[BlackElo "2345"]
[PlyCount "28"]
[EventDate "2019.??.??"]

1. e4 c5 2. Nf3 e6 3. Nc3 Nc6 4. Bb5 Nd4 5. O-O a6 6. Bd3 Nc6 7. b3 d6 8. Bb2
Be7 9. Ne2 Bf6 10. c3 Nge7 11. Ng3 h5 12. Ne1 g6 13. f4 h4 14. Ne2 b5 {(=)}
1/2-1/2

[Event "2BLN 1819 SC Rotation Pankow - FC St. P"]
[Site "?"]
[Date "2019.03.24"]
[Round "10.7"]
[White "Voigt, Martin"]
[Black "Seils, Joerg"]
[Result "0-1"]
[WhiteElo "2354"]
[BlackElo "2321"]
[PlyCount "110"]
[EventDate "2019.??.??"]

1. e4 d5 2. exd5 Qxd5 3. Nf3 Bg4 4. Be2 Nc6 5. d4 O-O-O 6. c4 Qd7 7. d5 Bxf3 8.
Bxf3 Ne5 9. Be2 e6 10. Nc3 Nf6 11. Bf4 Ng6 12. Be3 exd5 13. cxd5 Nxd5 14. Nxd5
Qxd5 15. Qxd5 Rxd5 16. O-O Kb8 17. g3 f6 18. h4 Bb4 19. Rad1 Rhd8 20. Rxd5 Rxd5
21. Kg2 c6 22. Rd1 Rxd1 23. Bxd1 Ne7 24. Bc2 h6 25. f4 b6 26. h5 Kc7 27. g4 Nd5
28. Bc1 Kd7 29. Kf3 Bd6 30. Ke4 Ne7 31. Bd2 b5 32. a3 f5+ 33. Kf3 fxg4+ 34.
Kxg4 Nd5 35. Kf5 Be7 36. Bb3 Bf6 37. Bxd5 cxd5 38. b3 Bb2 39. Kg6 d4 40. Kxg7
Bc3 41. Bc1 d3+ 42. Kxh6 d2 43. Bxd2 Bxd2 44. Kg5 Ke6 45. h6 Bc1 46. a4 bxa4
47. bxa4 a5 48. h7 Bb2 49. Kg6 Bf6 50. f5+ Ke7 51. Kh5 Kf7 52. Kh6 Bd4 53. Kg5
Kg7 54. h8=Q+ Kxh8 55. f6 Kg8 0-1

[Event "2BLN 1819 SC Rotation Pankow - FC St. P"]
[Site "?"]
[Date "2019.03.24"]
[Round "10.8"]
[White "Steinhagen, Bernd"]
[Black "Mueller, Fabian"]
[Result "0-1"]
[WhiteElo "2234"]
[BlackElo "2341"]
[PlyCount "80"]
[EventDate "2019.??.??"]

1. c4 e5 2. Nc3 Bb4 3. g3 Nf6 4. Bg2 O-O 5. e4 Re8 6. Nge2 c6 7. O-O d6 8. d3
Be6 9. h3 Qd7 10. Kh2 d5 11. exd5 cxd5 12. Qb3 Na6 13. cxd5 Bf5 14. Bg5 Bxd3
15. Bxf6 gxf6 16. Ne4 Bxe4 17. Bxe4 f5 18. Bg2 Bd6 19. Nc3 Rac8 20. Rac1 Nc5
21. Qb5 Qe7 22. b4 a6 23. Qe2 Nd7 24. a3 Qg5 25. Qd1 e4 26. Ne2 Ne5 27. Nf4 Nc4
28. h4 Qf6 29. Qh5 Bxf4 30. gxf4 Qg6 31. Qe2 Nd6 32. Rxc8 Rxc8 33. Bxe4 Qh6 34.
Rg1+ Kf8 35. Bg2 Qxf4+ 36. Kh3 Rc3+ 37. f3 Ne4 38. Qe1 Rc1 39. fxe4 Rxe1 40.
Rxe1 Qg4+ 0-1